Normal view MARC view
  • Schaufelberger, John E

Entry Personal Name

Number of records used in: 1

001 - CONTROL NUMBER

  • control field: 133448

003 - CONTROL NUMBER IDENTIFIER

  • control field: NUST

005 - DATE AND TIME OF LATEST TRANSACTION

  • control field: 20260225094044.0

008 - FIXED-LENGTH DATA ELEMENTS

  • fixed length control field: 260225|| aca||aabn | a|a d

040 ## - CATALOGING SOURCE

  • Original cataloging agency: NUST
  • Transcribing agency: NUST

100 ## - HEADING--PERSONAL NAME

  • Personal name: Schaufelberger, John E

670 ## - SOURCE DATA FOUND

  • Source citation: Work cat.: (NUST): Schaufelberger, John E., Management of Construction Projects: A Constructor's Perspective /, 2017.
© 2023 Central Library, National University of Sciences and Technology. All Rights Reserved.